01192nam a2200325 a 450000100060000000300080000600500170001400800410003103500190007203500200009103500170011104000320012804100140016008200260017409000170020009900150021710000300023224501020026226000450036430000210040950001110043050400320054165000280057365100390060170000430064094200120068394900090069599900170070495201450072161686BD-RjUL20211209081006.0170121s1963 enk b 000 0 eng d a(BD-RjUL)61810 a(OCoLC)01100982 aGLIS00451584 cISMdSERdm/caBD-RjULbeng1 aengitafre a320.5330945bCHH 1963 aDG571b.C428 aDG571.C4281 aChabod, Federico.918372212aA history of Italian fascism /cFederico Chabod ; Translated from the Italian by Muriel Grindrod. aLondon:bWeidenfeld and Nicolson,cc1963 a192 p. ;c22 cm. aTranslation of L'Italia contemporanea, originally published in French under title: L'Italie contemporaine. aBibliography: p. [163]-183. 0aFascismzItaly.9175379 0aItalyxHistoryy1914-1945.9183723 aGrindrod, Muriel, translator 9183724 2ddccBK aMYGD c61686d61686 00102ddc40718NFICaRUCLbRUCLcReadingd1964-02-25eZeitlingerg25.00l0o320.5330945 CHH 1963r2017-01-21 00:00:00tC-1w2017-01-21yBK